000 nam a22 7a 4500
999 _c64668
_d64668
005 20220629192148.0
008 220629b xxu||||| |||| 00| 0 eng d
040 _aANE
041 _aEs
100 _aFranco Gatti
245 _aCuaderno jurídico y Político
300 _a9 p.
856 _uhttp://documentacion.asambleanacional.gob.ec/alfresco/d/d/workspace/SpacesStore/ad14385a-47bb-47d7-96fe-41506ecad6cb/Cuaderno%20jur%c3%addico%20y%20Pol%c3%adtico.pdf
942 _2ddc
_cBV
_zNr.